Polyfunkčný objekt - Generali poisťovňa, Bratislava\\ Monolitická železobetónová konštrukcia so stužujúcimi jadrami.
Na minha lista:
| Autor principal: | |
|---|---|
| Outros Autores: | |
| Formato: | Manuscrito Livro |
| Idioma: | eslovaco |
| Publicado em: |
2019
|
| Assuntos: | |
| Acesso em linha: | http://is.stuba.sk/zp/portal_zp.pl?podrobnosti=142819 https://opac.crzp.sk/?fn=detailBiblioForm&sid=9F8942B94996237AA2F41EF666DC |
| Tags: |
Sem tags, seja o primeiro a adicionar uma tag!
|
MARC
| LEADER | 00000ntm a22000003a 4500 | ||
|---|---|---|---|
| 001 | stuzp74220 | ||
| 003 | SK-STU | ||
| 005 | 20230525111857.5 | ||
| 007 | ta | ||
| 008 | 150427s2015----xo-----f-mn---000-0-slo-d | ||
| 040 | |a STU |b slo | ||
| 041 | 0 | |a slo | |
| 100 | 1 | |a Alhaj Ali, Hezar |u 010110 |k Z4 |4 aut |U SvF Stavebná fakulta |T SvF Katedra betónových konštrukcií a mostov |X 62983 |U V110 |Y 11 |7 62983 | |
| 242 | 0 | 1 | |a Multifunctional Object - Generali poisťovňa, Bratislava |y eng |
| 245 | 1 | 0 | |a Polyfunkčný objekt - Generali poisťovňa, Bratislava\\ Monolitická železobetónová konštrukcia so stužujúcimi jadrami. |
| 260 | |c 2019 | ||
| 650 | 4 | |a statický výpočet |2 slo | |
| 650 | 4 | |a stužujúci prvok budovy |2 slo | |
| 650 | 4 | |a nosná konštrukcia |2 slo | |
| 650 | 4 | |a bezprievlaková stropná doska |2 slo | |
| 650 | 4 | |a the structure |2 eng | |
| 650 | 4 | |a stiffening element of building |2 eng | |
| 650 | 4 | |a static calculation |2 eng | |
| 650 | 4 | |a ceiling slab without beams |2 eng | |
| 700 | 1 | |a Abrahoim, Iyad |u 010110 |k Z8 |4 ths |U SvF Stavebná fakulta |T SvF Katedra betónových konštrukcií a mostov |X 981 |U V110 |Y 11 |7 A000000981 | |
| 856 | 4 | |u http://is.stuba.sk/zp/portal_zp.pl?podrobnosti=142819 | |
| 856 | 4 | |u https://opac.crzp.sk/?fn=detailBiblioForm&sid=9F8942B94996237AA2F41EF666DC | |